000 00334nam a22001457a 4500
008 230524b ||||| |||| 00| 0 eng d
020 _a9782298034516
041 _aFRA
080 _a82
082 _a82MEY
100 _a38
101 _aGJL
245 _aL'APPEL DU SANG LA SECONDE VIE DE BREE TANNER
_cMEYER .S
942 _2udc
_cBK
999 _c59812
_d59812